| 000 -LEADER |
| fixed length control field |
00717nam a22001697a 4500 |
| 008 - FIXED-LENGTH DATA ELEMENTS--GENERAL INFORMATION |
| fixed length control field |
120322t xxu||||| |||| 00| 0 eng d |
| 050 ## - LIBRARY OF CONGRESS CALL NUMBER |
| Classification number |
BX 8765.5 .Z5 |
| Item number |
R54 W4 vol.2 |
| 100 ## - MAIN ENTRY--PERSONAL NAME |
| Personal name |
Riggs, Ralph M. |
| 9 (RLIN) |
2240 |
| 245 ## - TITLE STATEMENT |
| Title |
What my church believes |
| Remainder of title |
about Christian doctrine, Christian living. |
| Statement of responsibility, etc |
An indoctrination course for Assemblies of God children prepared by Ralph M. Riggs. |
| 260 ## - PUBLICATION, DISTRIBUTION, ETC. (IMPRINT) |
| Place of publication, distribution, etc |
Springfield, MO |
| Name of publisher, distributor, etc |
Gospel Publishing House, |
| Date of publication, distribution, etc |
1954. |
| 300 ## - PHYSICAL DESCRIPTION |
| Extent |
39 p. |
| Dimensions |
19 cm. |
| 440 ## - SERIES STATEMENT/ADDED ENTRY--TITLE |
| Title |
Assemblies of God conerstone series |
| Volume number/sequential designation |
Book two. |
| 9 (RLIN) |
2241 |
| 650 ## - SUBJECT ADDED ENTRY--TOPICAL TERM |
| Topical term or geographic name as entry element |
Theology, Doctrinal. |
| 650 ## - SUBJECT ADDED ENTRY--TOPICAL TERM |
| Topical term or geographic name as entry element |
Assemblies of God |
| General subdivision |
Doctrinal and controversial works. |
| 9 (RLIN) |
2242 |
| 650 ## - SUBJECT ADDED ENTRY--TOPICAL TERM |
| Topical term or geographic name as entry element |
Children's questions and answers. |
| 9 (RLIN) |
2243 |
| 942 ## - ADDED ENTRY ELEMENTS (KOHA) |
| Source of classification or shelving scheme |
|
| Item type |
Books |